| 000 | 00842cab a2200253 4500 | ||
|---|---|---|---|
| 001 | ABS58298 | ||
| 008 | 090401t1998 xxu||||| |||| 00| 0 eng d | ||
| 035 | _a(Sirsi) u84269 | ||
| 041 | _aeng | ||
| 100 | _aFanning, D. | ||
| 245 | _aCourse revision | ||
| 260 | _c1998 | ||
| 350 | _a0 | ||
| 490 |
_aEstates Gazette _v(9807) 14 February 1998, 58-59(2) |
||
| 520 | _aA profile of the education industry. With central funding set to be cut over the next few years, further education colleges will have to turn to the private sector to finance their building programmes. Examples. | ||
| 650 | _aEDUCATION BUILDINGS | ||
| 650 | _aEDUCATION SECTOR | ||
| 650 | _aFURTHER EDUCATION | ||
| 650 | _aPFI | ||
| 650 | _aPRIVATE FINANCE INITIATIVE | ||
| 690 | _aPROPERTY-PROPERTY FINANCE AND INVESTMENT | ||
| 942 | _n0 | ||
| 948 | _c16/02/1998 | ||
| 999 |
_c52950 _d52950 |
||